Statistics for Top 10 Countries Where Cyber Attacks Originate

Click here to take the quiz!

General Stats

  • This quiz has been taken 129 times
  • The average score is 6 of 10

Answer Stats

RankCountry%% Correct
1China41%
97%
4Russia4.3%
97%
2United States10%
94%
8India2.3%
81%
6Brazil3.3%
71%
3Turkey4.7%
50%
9Italy1.6%
44%
5Taiwan3.7%
40%
7Romania2.8%
33%
10Hungary1.4%
20%

Score Distribution

Percentile by Number Answered

Percent of People with Each Score

Your Score History

You have not taken this quiz